Statistiken für Größte deutsche Städte nach Jahrhundert

Klicken Sie hier um das Quiz zu spielen!

Allgemein

  • Dieses Quiz wurde 23.161 mal gespielt
    (23.003 seit der letzten Aktualisierung)
  • Das Durchschnittsergebnis liegt bei 15 aus 28

Antwortstatistiken

JahrhundertEinwohnerStadt% Korrekt
1800172,000Berlin
99%
160040,000Hamburg
97%
180040,000München
97%
150045,000Köln
96%
1900414,576Frankfurt am Main
89%
2000583,874Stuttgart
86%
2000539,403Bremen
84%
1900358,728Düsseldorf
83%
2000588,994Dortmund
79%
180061,000Dresden
79%
1900589,850Leipzig
76%
150038,000Nürnberg
71%
2000595,243Essen
65%
150030,000Augsburg
48%
150020,000Wien
47%
160040,000Magdeburg
36%
150070,000Prag
35%
150025,000Lübeck
34%
150030,000Danzig
29%
150022,000Regensburg
28%
180060,000Königsberg
24%
150025,000Breslau
21%
150020,000Straßburg
21%
170065,000Brüssel
16%
170066,000Antwerpen
9%
170036,000Brügge
7%
170052,000Gent
6%
170045,000Lüttich
6%

Verteilung der Resultate

Perzentil nach korrekt beantworteten Fragen

Anzahl Personen mit jedem Resultat

Ihre Resultats-Entwicklung

Sie haben dieses Quiz seit der letzten Aktualisierung nicht gespielt